ਗੁਰੂ ਛੰਦ ਪ੍ਕਾਸ਼ / (Record no. 109637)

MARC details
000 -LEADER
fixed length control field 00810nam a22002297a 4500
005 - DATE AND TIME OF LATEST TRANSACTION
control field 20170123164140.0
010 ## - LIBRARY OF CONGRESS CONTROL NUMBER
LC control number B-154923
020 ## - INTERNATIONAL STANDARD BOOK NUMBER
Terms of availability 200.00
035 ## - SYSTEM CONTROL NUMBER
System control number B-154923
040 ## - CATALOGING SOURCE
Original cataloging agency DPL
Language of cataloging PN
082 ## - DEWEY DECIMAL CLASSIFICATION NUMBER
Classification number 260
Item number ਰਮਿੰਦ
100 ## - MAIN ENTRY--PERSONAL NAME
Personal name ਰਮਿੰਦਰ ਸਿੰਘ
9 (RLIN) 15704
245 ## - TITLE STATEMENT
Title ਗੁਰੂ ਛੰਦ ਪ੍ਕਾਸ਼ /
Statement of responsibility, etc ਰਮਿੰਦਰ ਸਿੰਘ
246 ## - VARYING FORM OF TITLE
Title proper/short title Guru channd parkash
Remainder of title by Raminder singh
260 ## - PUBLICATION, DISTRIBUTION, ETC. (IMPRINT)
Place of publication, distribution, etc ਦੇਹਰਾਦੂਨ
270 ## - ADDRESS
Address ਪੋਸਟ ਬੋਕਸ ਨੰ 188
City ਦੇਹਰਾਦੂਨ
Postal code 248001
300 ## - PHYSICAL DESCRIPTION
Extent xii,237p.
Dimensions 22cm(Hb)
650 ## - SUBJECT ADDED ENTRY--TOPICAL TERM
Topical term or geographic name as entry element ਪੰਜਾਬੀ ਸਾਹਿਤ
9 (RLIN) 779
650 ## - SUBJECT ADDED ENTRY--TOPICAL TERM
Topical term or geographic name as entry element ਪੰਜਾਬੀ ਛੰਦ
9 (RLIN) 1301
650 ## - SUBJECT ADDED ENTRY--TOPICAL TERM
Topical term or geographic name as entry element Punjabi Literature-Poetry
9 (RLIN) 6011
942 ## - ADDED ENTRY ELEMENTS (KOHA)
Source of classification or shelving scheme Dewey Decimal Classification
Koha item type Punjabi Bks
Classification part 260
Call number suffix ਰਮਿੰਦ
Holdings
Withdrawn status Lost status Damaged status Not for loan Home library Current library Date acquired Source of acquisition Cost, normal purchase price Total Checkouts Full call number Barcode Date last seen Copy number Cost, replacement price Price effective from Koha item type
        Central Library Central Library 02/06/2015 Cen Lib / Ret 200.00   260 ਰਮਿੰਦ B-154923 02/06/2015 1 200.00 02/06/2015 Punjabi Bks

© Delhi Public Library
Hit Counter
free hit counter